| 000 | 01895nam a2200421 i 4500 | ||
|---|---|---|---|
| 001 | 10261 | ||
| 003 | ES-MaACL | ||
| 005 | 20240209063103.0 | ||
| 008 | 950404s1995 sp a |||| | spa d | ||
| 017 |
_aM 4972-1995 _bOficina Depósito Legal Madrid |
||
| 020 | _a848711153X | ||
| 040 | _cES-MaACL | ||
| 080 | _a91.04(7/8+914)"17/18" | ||
| 080 | _a5:91.04(7/8+914)"17/18" | ||
| 111 | 2 |
_aJornadas sobre España y las Expediciones Científicas en América y Filipinas _n(2ª. _d1993. _cMadrid) _9866 |
|
| 245 | 1 | 0 |
_aDe la ciencia ilustrada a la ciencia romántica : _bactas de las II Jornadas sobre "España y las Expediciones Científicas en América y Filipinas" / _cAlejandro R. Diez Torre, Tomás Mallo y Daniel Pacheco Fernández (coordinadores) |
| 260 |
_aAranjuez (Madrid) : _bDoce Calles ; _a[Madrid] : _bAteneo de Madrid, _c[1995] |
||
| 300 |
_a642 páginas : _bilustraciones (blanco y negro) ; _c24 cm |
||
| 490 | 1 | _aActas | |
| 500 | _aÍndice de autores | ||
| 504 | _aReferencias bibliográficas | ||
| 610 | 2 | 4 |
_aAteneo de Madrid- _vConferencias- _y1983-1999. _9168596 |
| 650 | 4 |
_aExpediciones científicas- _zAmérica _912688 |
|
| 650 | 4 |
_aExpediciones científicas- _zFilipinas _912689 |
|
| 650 | 7 |
_aExpediciones científicas- _zEspaña _9154502 |
|
| 650 | 4 |
_aCiencia- _zEspaña- _vCongresos y asambleas _910942 |
|
| 700 | 1 |
_aDíez Torre, Alejandro R. _944776 _epbl |
|
| 700 | 1 |
_aMallo, Tomás _975818 _epbl |
|
| 700 | 1 |
_aPacheco Fernández, Daniel _988132 _epbl |
|
| 710 | 2 |
_aAteneo de Madrid. _91875 _eedt |
|
| 830 | 1 |
_aActas _9178380 |
|
| 852 | 4 |
_aES-MaACL _jL-17796 _cDEPO2 _hDonación: Editorial _910546 |
|
| 852 | 4 |
_aES-MaACL _jL-17797 _cDEPO2 _hDonación: Editorial _zDuplicado _910547 |
|
| 852 | 4 |
_aES-MaACL _jN-8219/Ej. 2 _cDEPOJ _zX-31 _zTriplicado _910545 |
|
| 942 |
_cMONOGRAFIA _n0 |
||
| 999 |
_c10261 _d10261 |
||